| 000 | 00564nam a22002057a 4500 | ||
|---|---|---|---|
| 003 | OSt | ||
| 005 | 20240913135648.0 | ||
| 008 | 240913b |||||||| |||| 00| 0 eng d | ||
| 020 | _a9781847873415 | ||
| 040 | _cMUST | ||
| 100 |
_aBeerel Annabel _919129 |
||
| 245 | _aLeadership and Change Management. | ||
| 260 |
_aLondon _bSAGE _cc2009 |
||
| 300 |
_axii.264p. ; _bill. col.pictures _c25cm. |
||
| 440 |
_aLeadership and Change Management. _919130 |
||
| 500 | _aBibliography, Index | ||
| 600 | _2Management | ||
| 700 |
_aAnnabel Beerel _919131 |
||
| 942 |
_2ddc _cBOOK |
||
| 999 |
_c9374 _d9374 |
||